Trikrát z PmD

Bibliographic Details
Main Author: Hochel, Igor, 1953- (Author)
Format: Article
Language:Slovak
Subjects:

MARC

LEADER 00000nab a2200000 a 4500
001 vtls000428314
003 SK-MaSNL
005 20260304014214.0
008 241209c1991 xo 0 slo
015 |a SNBRB19rr/mm-uuuuu 
035 |a CL0428442 
040 |a SNKBUCL  |b slo  |c SNKBUCL  |e AACR2 
041 0 |a slo 
044 |a xo  |c SK 
080 |a 82.09:885.0-1(048)  |2 1981 
080 |a 885.0-1(048)  |2 1981 
100 1 |a Hochel, Igor,  |d 1953-  |4 aut  |9 101382 
245 1 0 |a Trikrát z PmD  |c Igor Hochel 
500 |a Názov na dokumente: 3xPmD 
650 0 7 |a česká poézia  |2 snkbucl  |9 1180 
655 7 |a recenzie  |2 snkbucl  |9 21907 
655 7 |a články z novín a časopisov  |2 snkbucl  |9 267496 
655 7 |a články z odboru literárna veda a krásna literatúra  |2 snkbucl  |9 770045 
773 0 |t Romboid  |g Roč. 26, č. 7 (1991), s. 48-51 
787 0 8 |i Rec.:  |a Cincibuch, Petr  |d München : PmD, 1990 
850 |a Slovenská národná knižnica 
852 |a Slovenská národná knižnica 
958 |a RK 
958 |a CZ 
958 |a LX 
992 |a RBX 
999 |c 2582425  |d 2584355